000 00539nam a22002057a 4500
003 BD-ChCU
005 20260507094926.0
008 260507b ney ||||| |||| 00| 0 eng d
020 _a9040723591
040 _cBD-ChCU
082 _223
_a551.46 H995
100 _aDe Jong, C.D...(et.al).
_922569
245 _aHydrography /
_cC.D. De Jong...(et.al).
250 _a2ed.
260 _aAmesterdam :
_bDelft University Press,
_c2003
300 _a353 P. :
504 _aIncludes.
650 0 _aHydrography.
_922570
942 _2ddc
_cBK
_n0
999 _c112762
_d112762